00754 a2200181 4500003000500000005001700005010001600022020001500038040000900053082001400062100002000076245005600096250001200152260006600164300003300230505028700263650002200550NUST20221114143719.0 a 85013673 a0023698101 cNust00a512.5,LEO1 aLeon, Steven J.10aLinear algebra with applications /cSteven J. Leon. a2nd ed. aNew York :bMacmillan ;aLondon :bCollier Macmillan,cc1986. axv, 408 p. :bill. ;c26 cm. aMatrices and Systems of Equations (Page-1), Determinants (Page-63), Vector Spaces (Page-85), Linear Transformation (Page-127), Orthogonality (Page-157), Eigen values (Page-229), Numerical Linear Algebra (Page-301), Bibliography (Page-381), Answer to Selected Exercises (Page-385).  0aAlgebras, Linear.